[Event "January 1800+ "]
[Site "SchemingMind.com"]
[Date "2015.01.01"]
[Round "-"]
[White "John Hamer"]
[Black "Stephen Woodhouse"]
[Result "1-0"]
[WhiteCountry "ENG"]
[BlackCountry "ENG"]
[WhiteElo "2062"]
[WhiteRD "57"]
[BlackElo "1891"]
[BlackRD "50"]
[GameID "372283"]

1. e4 e6 2. d4 d5 3. Nc3 Nf6 4. Bg5 dxe4 5. Nxe4 Be7 6. Bxf6 Bxf6 7. Nf3 Nd7 8. c3 O-O 9. Bd3 b6 10. Qc2 h6
11. O-O-O Bb7 12. h4 Qe7 13. g4 g6 14. g5 Bg7 15. h5 hxg5 16. h6 Bf6 17. Qe2 Kh7 18. Rdg1 c5 19. Nexg5+ Kh8 20. Be4 Bxg5+
21. Rxg5 Bxe4 22. Qxe4 cxd4 23. Qxd4+ e5 24. Qe3 Rae8 25. Re1 e4 26. Nd2 Kh7 27. Nxe4 f5 28. Rxg6 Qxe4 29. Rg7+ Kh8 30. Rxd7 Rf6
31. Rxa7 Qxe3+ 32. Rxe3 Rxe3 33. fxe3 Rxh6 34. Kc2 Rh2+ 35. Kb3 Re2 36. Rf7 Rxe3 37. Rxf5 Kg7 38. a4 Kg6 39. Rf8 Re2 40. Rb8 Re6
41. Kc4
1-0

[Event "January 1800+ "]
[Site "SchemingMind.com"]
[Date "2015.01.01"]
[Round "-"]
[White "Stephen Woodhouse"]
[Black "John Hamer"]
[Result "1/2-1/2"]
[WhiteCountry "ENG"]
[BlackCountry "ENG"]
[WhiteElo "1891"]
[WhiteRD "50"]
[BlackElo "2062"]
[BlackRD "57"]
[GameID "372284"]

1. e4 e5 2. Nf3 Nf6 3. d4 Nxe4 4. Bd3 d5 5. Nxe5 Nd7 6. Qe2 Qe7 7. Bxe4 dxe4 8. Bf4 Nxe5 9. Bxe5 Bf5 10. Nc3 O-O-O
11. O-O-O Qe6 12. Qe3 Bb4 13. Kb1 f6 14. Bg3 Rd7 15. d5 Qb6 16. Qxb6 axb6 17. a3 Bxc3 18. bxc3 Rhd8 19. c4 b5 20. cxb5 Rxd5
21. Rxd5 Rxd5 22. a4= Rd4 23. Kb2 Rxa4 24. Kb3 Rd4 25. Ra1 Be6+ 26. Kc3 Rd5 27. Kb4 c5+ 28. bxc6 bxc6=
1/2-1/2

[Event "January 1800+ "]
[Site "SchemingMind.com"]
[Date "2015.01.02"]
[Round "-"]
[White "John Hamer"]
[Black "David Carter"]
[Result "1-0"]
[WhiteCountry "ENG"]
[BlackCountry "USA"]
[WhiteElo "2062"]
[WhiteRD "57"]
[BlackElo "2060"]
[BlackRD "62"]
[GameID "372294"]

1. d4 Nf6 2. c4 c5 3. d5 e6 4. Nc3 exd5 5. cxd5 d6 6. e4 g6 7. Nf3 Bg7 8. Be2 O-O 9. O-O Re8 10. Qc2 Na6
11. Re1 Bg4 12. Bf4 Nb4 13. Qb1 Bxf3 14. Bxf3 c4 15. Be2 Rc8 16. a3 Na6 17. Qc2 Qd7 18. f3 b5 19. a4 Nb4 20. Qd2 a6
21. axb5 axb5 22. Ra5 Rb8 23. Rea1 Rb7 24. Nd1
1-0

[Event "January 1800+ "]
[Site "SchemingMind.com"]
[Date "2015.01.02"]
[Round "-"]
[White "David Carter"]
[Black "John Hamer"]
[Result "1/2-1/2"]
[WhiteCountry "USA"]
[BlackCountry "ENG"]
[WhiteElo "2060"]
[WhiteRD "62"]
[BlackElo "2062"]
[BlackRD "57"]
[GameID "372295"]

1. d4 Nf6 2. c4 e6 3. Nc3 d5 4. Bg5 c5 5. cxd5 cxd4 6. Qxd4 Be7 7. e4 Nc6 8. Qd2 exd5 9. Bxf6 Bxf6 10. exd5 Qe7+
11. Nge2 Nb4 12. a3 Bg5 13. Qd1 Na6 14. d6 Qe6 15. Qd5 Qxd5 16. Nxd5 Be6 17. Nef4 Bxd5 18. Nxd5 O-O-O 19. Bxa6 bxa6 20. O-O Rxd6
21. Nc3 Bd2 22. Rad1 Rhd8= 23. Nb1 Bf4 24. Rxd6 Rxd6 25. g3 Be5 26. Rc1+ Kd7 27. Nc3 Rd2 28. Rb1 Bd4 29. Nd1 Ke6=
1/2-1/2

[Event "January 1800+ "]
[Site "SchemingMind.com"]
[Date "2015.01.02"]
[Round "-"]
[White "David Carter"]
[Black "Stephen Woodhouse"]
[Result "1-0"]
[WhiteCountry "USA"]
[BlackCountry "ENG"]
[WhiteElo "2060"]
[WhiteRD "62"]
[BlackElo "1891"]
[BlackRD "50"]
[GameID "372296"]

1. d4 e6 2. e4 d5 3. Nc3 Nf6 4. Bg5 dxe4 5. Nxe4 Be7 6. Bxf6 Bxf6 7. Nf3 Nd7 8. Qd2 O-O 9. O-O-O b6 10. d5 Nc5
11. Nxc5 bxc5 12. Bc4 e5 13. Qe3 Qd6 14. Nd2 Bf5 15. f3 Rab8 16. Bb3 c6 17. Nc4 Qe7 18. d6 Qd7 19. Nxe5 Bxe5 20. Qxe5 Rfe8
21. Qxc5 Rb5 22. Qf2 Be6 23. Bxe6 Rxe6 24. Rhe1 g6 25. Rxe6 fxe6 26. c4 Ra5 27. Kb1 c5 28. b3 Kf7 29. Qh4 Kg7 30. Qe7+ Qxe7
31. dxe7 Kf7 32. Rd7 Ke8 33. Rc7 h5 34. a4 Ra6 35. Rxc5 Kxe7 36. Rc7+ Kf6 37. Kc2 Ke5 38. Rd7 g5 39. Kc3 Kf4 40. c5 Rc6
41. Kc4 e5 42. b4 g4 43. b5 Re6 44. c6 gxf3 45. Rf7+ Ke3 46. Rxf3+ Kd2 47. Rd3+ Kc2 48. c7
1-0

[Event "January 1800+ "]
[Site "SchemingMind.com"]
[Date "2015.01.02"]
[Round "-"]
[White "Stephen Woodhouse"]
[Black "David Carter"]
[Result "1/2-1/2"]
[WhiteCountry "ENG"]
[BlackCountry "USA"]
[WhiteElo "1891"]
[WhiteRD "50"]
[BlackElo "2060"]
[BlackRD "62"]
[GameID "372297"]

1. e4 e6 2. d4 d5 3. Nd2 Nf6 4. e5 Nfd7 5. c3 c5 6. Bd3 Nc6 7. Ne2 cxd4 8. cxd4 f6 9. exf6 Nxf6 10. O-O Bd6
11. Nf3 Qc7 12. Bg5 O-O 13. Rc1 Ng4 14. Ng3 g6 15. Nh4 Nf6 16. Qd2 Rf7 17. h3 Qb6 18. Be3 Qb4 19. Qxb4 Nxb4 20. Bb1 Rc7
21. Rxc7 Bxc7 22. Nf3 Bd7 23. Rc1 Rc8 24. Ne2 Bd6 25. Rxc8+ Bxc8 26. Bf4 Bxf4 27. Nxf4 Nc6 28. Kf1 Kf7 29. Ke2 b6 30. a3 Ke7
31. Nd3 Ba6 32. Ke3 Bxd3 33. Bxd3 Nd7 34. Bb5 Ndb8 35. b4= a6 36. Bd3 Kf6 37. h4 b5 38. g4 Nd7 39. g5+ Kg7 40. Nd2 e5
41. Nb3 Kf7 42. dxe5 Ndxe5 43. f4 Nc4+ 44. Bxc4 dxc4 45. Nc5 a5 46. bxa5 Nxa5 47. Ne4 Nb7 48. Kd4 Ke6 49. Ng3 Nd6 50. Kc5 c3
51. Kb4 c2 52. Ne2 Kd5 53. Kc3 Nc4 54. Kxc2 Nxa3+ 55. Kb3 Nc4 56. Nc3+ Ke6 57. Nxb5 Ne3 58. Kc3 Kf5 59. Nd4+ Kg4 60. Ne6 Nd5+=
1/2-1/2

[Event "January 1800+ "]
[Site "SchemingMind.com"]
[Date "2015.01.03"]
[Round "-"]
[White "John Hamer"]
[Black "Kent"]
[Result "1/2-1/2"]
[WhiteCountry "ENG"]
[BlackCountry "USA"]
[WhiteElo "2062"]
[WhiteRD "57"]
[BlackElo "2142"]
[BlackRD "71"]
[GameID "372328"]

1. d4 Nf6 2. c4 e6 3. Nc3 Bb4 4. Qc2 O-O 5. e3 c5 6. Nf3 b6 7. Be2 Bb7 8. O-O d6 9. Rd1 Qe7 10. a3 Bxc3
11. Qxc3 Nbd7 12. b3 Ne4 13. Qc2 f5 14. Bb2 cxd4 15. exd4 Rac8 16. Re1 b5 17. a4 bxc4 18. bxc4 Ndf6 19. Nd2=
1/2-1/2

[Event "January 1800+ "]
[Site "SchemingMind.com"]
[Date "2015.01.03"]
[Round "-"]
[White "Kent"]
[Black "John Hamer"]
[Result "1/2-1/2"]
[WhiteCountry "USA"]
[BlackCountry "ENG"]
[WhiteElo "2142"]
[WhiteRD "71"]
[BlackElo "2062"]
[BlackRD "57"]
[GameID "372329"]

1. d4 Nf6 2. c4 g6 3. Nc3 d6 4. e4 Bg7 5. h3 O-O 6. Be3 Nbd7 7. Nf3 e5 8. d5 Qe7 9. Bd3 Nc5 10. Bc2 a5
11. O-O Bd7 12. b3 Nh5 13. Qd2 f5 14. Bxc5 dxc5 15. Rae1 Qd6 16. exf5 gxf5 17. Qg5 e4 18. Nxe4 fxe4 19. Qxh5 Rf5 20. Ng5 h6
21. h4 hxg5 22. Bxe4 Be8 23. Qg4 Re5 24. hxg5 Qe7 25. Re3 Qxg5 26. Qh3 Re7 27. Rfe1 Kf8 28. d6 cxd6 29. Bd5 Rxe3 30. Rxe3 Bh5
31. Qd7 Qf6 32. Qh3 Qa1+ 33. Kh2 Be5+ 34. g3 Kg7 35. Qd7+ Kh6 36. Qe6+ Bg6=
1/2-1/2

[Event "January 1800+ "]
[Site "SchemingMind.com"]
[Date "2015.01.02"]
[Round "-"]
[White "David Carter"]
[Black "Kent"]
[Result "0-1"]
[WhiteCountry "USA"]
[BlackCountry "USA"]
[WhiteElo "2060"]
[WhiteRD "62"]
[BlackElo "2142"]
[BlackRD "71"]
[GameID "372330"]

1. Nf3 Nf6 2. c4 e6 3. Nc3 d5 4. d4 Be7 5. Bg5 h6 6. Bh4 O-O 7. e3 b6 8. Be2 Bb7 9. Bxf6 Bxf6 10. cxd5 exd5
11. b4 c6 12. O-O Qd6 13. Qb3 Nd7 14. Rad1 a5 15. a3 Rfd8 16. e4 dxe4 17. Nxe4 Qe7 18. Nxf6+ Nxf6 19. Rfe1 Nd5 20. b5 cxb5
21. Bxb5 Qd6 22. Ne5 Rac8 23. Bc4 Rc7 24. Rb1 Rdc8 25. Qg3 Rxc4 26. Nxc4 Qxg3 27. hxg3 Rxc4 28. Re8+ Kh7 29. Rd8 Rc3 30. Rd7 Bc6
31. Rd6 f6 32. Kf1 Bb7 33. Rd7 Ba6+ 34. Ke1 Bc4
0-1

[Event "January 1800+ "]
[Site "SchemingMind.com"]
[Date "2015.01.02"]
[Round "-"]
[White "Kent"]
[Black "Stephen Woodhouse"]
[Result "1-0"]
[WhiteCountry "USA"]
[BlackCountry "ENG"]
[WhiteElo "2142"]
[WhiteRD "71"]
[BlackElo "1891"]
[BlackRD "50"]
[GameID "372332"]

1. d4 e6 2. c4 d5 3. Nc3 c5 4. cxd5 exd5 5. Nf3 Nc6 6. g3 Nf6 7. Bg2 Be7 8. O-O O-O 9. Bg5 cxd4 10. Nxd4 Re8
11. Rc1 h6 12. Be3 Bf8 13. Nxc6 bxc6 14. Na4 Bd7 15. Bc5 Ne4 16. Bxf8 Kxf8 17. Qd4 Kg8 18. Rfd1 Qa5 19. b3 Rac8 20. Rc2 Bf5
21. Rcc1 Red8 22. e3 c5 23. Qe5 Be6 24. Bxe4 dxe4 25. Rxd8+ Qxd8 26. Qxe4 Qd2 27. Qc2 Qxc2 28. Rxc2 c4 29. bxc4 Rxc4 30. Rxc4 Bxc4
31. a3 Kf8 32. f4 Ke7 33. e4 Kd6 34. Nb2 Kc5 35. Nxc4 Kxc4 36. Kf2 Kd4 37. Kf3 h5 38. h3 Kd3 39. g4 hxg4+ 40. hxg4 Kd4
41. f5 f6 42. Kf4 a6 43. a4 a5 44. Kf3 Kd3 45. g5 Kd4 46. gxf6 gxf6 47. Kf4
1-0

[Event "January 1800+ "]
[Site "SchemingMind.com"]
[Date "2015.01.02"]
[Round "-"]
[White "Stephen Woodhouse"]
[Black "Kent"]
[Result "0-1"]
[WhiteCountry "ENG"]
[BlackCountry "USA"]
[WhiteElo "1891"]
[WhiteRD "50"]
[BlackElo "2142"]
[BlackRD "71"]
[GameID "372333"]

1. e4 e6 2. d4 b6 3. Nc3 Bb7 4. Bd3 Nf6 5. Nge2 c5 6. O-O cxd4 7. Nxd4 d6 8. Bg5 a6 9. f4 Be7 10. f5 h6
11. Bh4 e5 12. Nb3 O-O 13. g4 Nbd7 14. Qe2 Rc8 15. Bxa6 Bxa6 16. Qxa6 Nxg4 17. Bxe7 Qxe7 18. Qe2 Ngf6 19. Rad1 Rfd8 20. Kh1 Nc5
21. Nd5 Nxd5 22. Rxd5 Nd7 23. Rfd1 Nf6 24. R5d2 Qb7 25. Re1 b5 26. Na5 Qb6 27. b4 Rc3 28. Rd3 Rxd3 29. cxd3= Rc8 30. Qd2 Qd4
31. Nb3 Qa7 32. Rc1 Rxc1+ 33. Nxc1 Nh5 34. Ne2 Qf2 35. Qd1 Qf3+ 36. Kg1 Nf4
0-1

[Event "January 1800+ "]
[Site "SchemingMind.com"]
[Date "2015.01.06"]
[Round "-"]
[White "MazetaFighter"]
[Black "John Hamer"]
[Result "1/2-1/2"]
[WhiteCountry "GRE"]
[BlackCountry "ENG"]
[WhiteElo "1983"]
[WhiteRD "85"]
[BlackElo "2053"]
[BlackRD "58"]
[GameID "372546"]

1. e4 e5 2. Nf3 Nc6 3. Bc4 Nf6 4. d3 Bc5 5. c3 O-O 6. O-O d5 7. exd5 Nxd5 8. Re1 Bg4 9. h3 Bh5 10. Nbd2 Nb6
11. b4 Be7 12. g4 Bg6 13. b5 Na5 14. Nxe5 Naxc4 15. Ndxc4 Nxc4 16. dxc4 Bf6=
1/2-1/2

[Event "January 1800+ "]
[Site "SchemingMind.com"]
[Date "2015.01.06"]
[Round "-"]
[White "John Hamer"]
[Black "MazetaFighter"]
[Result "1-0"]
[WhiteCountry "ENG"]
[BlackCountry "GRE"]
[WhiteElo "2053"]
[WhiteRD "58"]
[BlackElo "1983"]
[BlackRD "85"]
[GameID "372547"]

1. d4 d5 2. c4 e6 3. Nc3 c6 4. Nf3 Nf6 5. Bg5 dxc4 6. e4 b5 7. e5 h6 8. Bh4 g5 9. Nxg5 hxg5 10. Bxg5 Nbd7
11. exf6 Bb7 12. g3 c5 13. d5 Nxf6 14. Bg2 Be7 15. O-O Nxd5 16. Bxe7 Kxe7 17. Nxb5 Qb6 18. Na3 c3 19. Nc4 Qb4 20. b3 Rad8
21. Qc2 Rh5 22. Rfe1 Rdh8 23. h4 Nf4 24. a3 Qb5 25. gxf4 Rxh4 26. f3
1-0

[Event "January 1800+ "]
[Site "SchemingMind.com"]
[Date "2015.01.07"]
[Round "-"]
[White "MazetaFighter"]
[Black "David Carter"]
[Result "0-1"]
[WhiteCountry "GRE"]
[BlackCountry "USA"]
[WhiteElo "2008"]
[WhiteRD "76"]
[BlackElo "2033"]
[BlackRD "70"]
[GameID "372548"]

1. e4 e5 2. Nf3 Nc6 3. Bb5 a6 4. Ba4 Nf6 5. O-O Nxe4 6. d4 b5 7. Bb3 d5 8. dxe5 Be6 9. Be3 Be7 10. c3 Qd7
11. Nbd2 Nc5 12. Bc2 Bg4 13. Re1 Ne6 14. Qb1 Bh5 15. Bf5 Bg6 16. Nb3 Bxf5 17. Qxf5 Rd8 18. Rad1 O-O 19. Nfd4= Nexd4 20. Qxd7 Nf3+
21. gxf3 Rxd7 22. Nc5 Bxc5 23. Bxc5 Re8 24. f4 Re6 25. b3 f6 26. exf6 Rxf6 27. Re8+ Kf7 28. Rf8+ Kg6 29. Rxf6+ Kxf6 30. Kg2 Nd8
31. Kf3= Ne6 32. Be3 c5 33. h4 Kf5 34. Rc1 d4 35. cxd4 cxd4 36. Bd2 Rc7 37. Rxc7 Nxc7 38. Bc1= Nd5 39. Bd2 Nc3 40. a3 a5
41. Be1 h5 42. Bd2 Ke6 43. Be1 Kd5 44. Bd2 a4 45. bxa4 bxa4 46. Be1 Kc4 47. Bd2 Kd3 48. Be1 Nb1 49. Bb4 Kc2 50. Ke4 d3
51. Kf5 Nc3
0-1

[Event "January 1800+ "]
[Site "SchemingMind.com"]
[Date "2015.01.06"]
[Round "-"]
[White "David Carter"]
[Black "MazetaFighter"]
[Result "1/2-1/2"]
[WhiteCountry "USA"]
[BlackCountry "GRE"]
[WhiteElo "2057"]
[WhiteRD "72"]
[BlackElo "2009"]
[BlackRD "78"]
[GameID "372549"]

1. d4 Nf6 2. c4 c5 3. d5 b5 4. cxb5 a6 5. bxa6 g6 6. Nc3 Bxa6 7. e4 Bxf1 8. Kxf1 d6 9. Nf3 Bg7 10. g3 O-O
11. Kg2 Nbd7 12. Re1 Ng4 13. Bf4 Qa5 14. Re2 Bxc3 15. bxc3 Qxc3 16. Rc2 Qa5 17. h3 Ngf6 18. Nd2 Rfb8 19. Nc4 Qb4 20. Qd3 Nb6
21. Bg5 Nxc4 22. Bxf6 exf6 23. Rxc4 Qb2 24. Qc3 Qxc3 25. Rxc3 Rb4 26. Re3 Raa4 27. Kf3 Rd4 28. a3 f5 29. e5 Rxd5 30. exd6 Rxd6
31. Rc1=
1/2-1/2

[Event "January 1800+ "]
[Site "SchemingMind.com"]
[Date "2015.01.06"]
[Round "-"]
[White "MazetaFighter"]
[Black "Kent"]
[Result "0-1"]
[WhiteCountry "GRE"]
[BlackCountry "USA"]
[WhiteElo "1983"]
[WhiteRD "85"]
[BlackElo "2149"]
[BlackRD "67"]
[GameID "372550"]

1. e4 e6 2. d4 d5 3. Nc3 Bb4 4. e5 c5 5. a3 Bxc3+ 6. bxc3 Ne7 7. h4 Qc7 8. h5 cxd4 9. cxd4 Qc3+ 10. Bd2 Qxd4
11. Nf3 Qe4+ 12. Be2 Nf5 13. Kf1 b6 14. Bb5+ Bd7 15. Bd3 Qg4 16. h6 gxh6 17. Bxh6 Nxh6 18. Rxh6 Nc6 19. Rh4 Qg7 20. Qe2 Ne7
21. Nd4 Ng6 22. Qg4 Qxe5 23. Re1 Qf6 24. Rh6 e5 25. Bb5 Bxb5+ 26. Nxb5 O-O 27. g3 Rac8 28. Qh5 Rxc2 29. Qh2 Qg7 30. Nxa7 f5
31. Nb5 e4 32. Qh5 Rd2 33. Nc7 Qxc7
0-1

[Event "January 1800+ "]
[Site "SchemingMind.com"]
[Date "2015.01.07"]
[Round "-"]
[White "Kent"]
[Black "MazetaFighter"]
[Result "1/2-1/2"]
[WhiteCountry "USA"]
[BlackCountry "GRE"]
[WhiteElo "2142"]
[WhiteRD "71"]
[BlackElo "1996"]
[BlackRD "101"]
[GameID "372551"]

1. d4 Nf6 2. c4 e6 3. Nc3 d5 4. cxd5 exd5 5. Bg5 c6 6. e3 Bf5 7. Qf3 Bg6 8. Bxf6 Qxf6 9. Qxf6 gxf6 10. Nf3 Nd7
11. Nh4 Be7 12. g3 Nb6 13. O-O-O Nc8 14. Bd3 Nd6 15. f3 Bxd3 16. Rxd3 f5 17. Ng2 Bg5 18. Rdd1=
1/2-1/2

[Event "January 1800+ "]
[Site "SchemingMind.com"]
[Date "2015.01.06"]
[Round "-"]
[White "MazetaFighter"]
[Black "Stephen Woodhouse"]
[Result "1-0"]
[WhiteCountry "GRE"]
[BlackCountry "ENG"]
[WhiteElo "1983"]
[WhiteRD "85"]
[BlackElo "1883"]
[BlackRD "48"]
[GameID "372552"]

1. d4 e6 2. c4 d5 3. Nc3 Nf6 4. Bg5 c5 5. cxd5 cxd4 6. Qxd4 Nc6 7. Bxf6 Nxd4 8. Bxd8 Nc2+ 9. Kd2 Nxa1 10. Bh4 Bb4
11. e4 exd5 12. exd5 Bf5 13. Bd3 Bxd3 14. Kxd3 f6 15. Nge2 O-O-O 16. Rxa1 Rhe8 17. a3 Ba5 18. b4 Bc7 19. Bg3 Bxg3 20. hxg3 a6
21. Nd4 Rd7 22. Kc2 g6 23. Ne6 f5 24. Kb3 Rf7 25. f4 h6 26. Kc4 g5 27. fxg5 hxg5 28. Rf1 Rh8 29. Nxg5 Rc7+ 30. Kd3 Rh2
31. Rxf5 Rxg2 32. Nge4 b5 33. Rf8+ Kd7 34. Rf7+ Kd8 35. Rxc7 Kxc7 36. d6+ Kd7 37. Kd4
1-0

[Event "January 1800+ "]
[Site "SchemingMind.com"]
[Date "2015.01.06"]
[Round "-"]
[White "Stephen Woodhouse"]
[Black "MazetaFighter"]
[Result "0-1"]
[WhiteCountry "ENG"]
[BlackCountry "GRE"]
[WhiteElo "1883"]
[WhiteRD "48"]
[BlackElo "1983"]
[BlackRD "85"]
[GameID "372553"]

1. e4 c5 2. c3 Nf6 3. e5 Nd5 4. d4 cxd4 5. Nf3 e6 6. cxd4 d6 7. Bc4 Nb6 8. Bd3 Nc6 9. a3 dxe5 10. dxe5 Nd7
11. Bf4 Nc5 12. Bc2 Qxd1+ 13. Kxd1 a5 14. Nc3 Be7 15. Ke2 O-O 16. Rhd1 b6 17. Ne4 Ba6+ 18. Ke1 Rab8 19. Nd4 Nxd4 20. Rxd4 Bb7
21. Rad1 Rfd8 22. Rxd8+ Bxd8 23. Nxc5 bxc5 24. f3 Bd5 25. Bc1 Bc7 26. f4 Bxg2 27. Rd7 Bd8 28. f5 Bh4+ 29. Ke2 exf5 30. Bxf5 Re8
31. Bf4 g5 32. Be3 Rxe5 33. Bd3 f5 34. Kd2 f4 35. Bxh7+ Kf8 36. Bg1 f3
0-1

[Event "January 1800+ "]
[Site "SchemingMind.com"]
[Date "2015.01.07"]
[Round "-"]
[White "reptile"]
[Black "MazetaFighter"]
[Result "1/2-1/2"]
[WhiteCountry "ISR"]
[BlackCountry "GRE"]
[WhiteElo "2123"]
[WhiteRD "93"]
[BlackElo "2038"]
[BlackRD "76"]
[GameID "372600"]

1. e4 e5 2. f4 exf4 3. Nf3 g5 4. h4 g4 5. Ne5 d6 6. Nxg4 Be7 7. d4 Bxh4+ 8. Nf2 Qg5 9. Nd2 Bxf2+ 10. Kxf2 Qg3+
11. Kg1 Qe3+ 12. Kh2 Nf6 13. Bb5+ c6 14. Nc4 Qg3+ 15. Kg1 cxb5 16. Nxd6+ Ke7 17. Nxc8+ Rxc8 18. Rh3 Qg6 19. Bxf4 Rg8 20. Qe2 Qg4
21. Qxg4 Rxg4 22. g3 Nc6 23. c3 Rag8 24. Kh2 Nxe4 25. d5 Nd8 26. Re1 f5 27. Rxh7+ Kf6 28. Rh6+ R4g6 29. Rxg6+ Rxg6 30. Rd1 Nf7
31. a3 Ne5 32. d6 Nd7 33. Rd4 a6=
1/2-1/2

[Event "January 1800+ "]
[Site "SchemingMind.com"]
[Date "2015.01.07"]
[Round "-"]
[White "MazetaFighter"]
[Black "reptile"]
[Result "0-1"]
[WhiteCountry "GRE"]
[BlackCountry "ISR"]
[WhiteElo "2009"]
[WhiteRD "78"]
[BlackElo "2156"]
[BlackRD "87"]
[GameID "372601"]

1. e4 Nf6 2. Nc3 e5 3. f4 d5 4. fxe5 Nxe4 5. Nf3 Nc6 6. Bb5 Be7 7. Qe2 Nxc3 8. dxc3 O-O 9. Bf4 Na5 10. b4 c6
11. Bd3 Nc4 12. Bxc4 dxc4 13. Qxc4 a5 14. Rd1 Qb6 15. a3 Be6 16. Qd3 Rfd8 17. Qe3= Rxd1+ 18. Kxd1 Qb5 19. Nd4 Qd5 20. Qf3 axb4
21. Qxd5 Bxd5 22. cxb4 Rxa3 23. Ke2 Bxg2 24. Rg1 Be4 25. Bh6 Bg6 26. Bd2 Rh3
0-1

[Event "January 1800+ "]
[Site "SchemingMind.com"]
[Date "2015.01.07"]
[Round "-"]
[White "reptile"]
[Black "John Hamer"]
[Result "1/2-1/2"]
[WhiteCountry "ISR"]
[BlackCountry "ENG"]
[WhiteElo "2123"]
[WhiteRD "93"]
[BlackElo "2054"]
[BlackRD "66"]
[GameID "372602"]

1. d4 e6 2. e4 d5 3. Nc3 Bb4 4. e5 c5 5. Nf3 Nc6 6. a3 Ba5 7. dxc5 Bxc3+ 8. bxc3 Qa5 9. Bb2 Qxc5 10. Bd3 Nge7
11. O-O O-O 12. Qe2 Ng6 13. a4 Rd8 14. h4 Nf4 15. Qd2 Nxd3 16. cxd3 Qa5 17. h5 d4 18. Rfe1 dxc3 19. Bxc3 Qd5 20. Rad1 h6
21. Qc1 b6 22. Re4 Ba6 23. Rg4 Kh8 24. Ng5 Rd7 25. Ne4 Rc7 26. Qe3 Ne7 27. Qe1= Rac8 28. a5 Nf5 29. axb6 axb6 30. Ba1 Qb3
31. Kh2= Qa4 32. Rf4 Bb7 33. Rb1 Qd7 34. g4 Nd4 35. Bxd4 Qxd4 36. Qe3 Qxe5 37. Rxb6 Bc6 38. Nd2 Qd5 39. Nf3 Kg8 40. Kg3 Qd8
41. Rbb4 Bd5 42. Ne5 Rc1 43. Nf3 R1c2 44. Qb6 Qe8=
1/2-1/2

[Event "January 1800+ "]
[Site "SchemingMind.com"]
[Date "2015.01.07"]
[Round "-"]
[White "John Hamer"]
[Black "reptile"]
[Result "0-1"]
[WhiteCountry "ENG"]
[BlackCountry "ISR"]
[WhiteElo "2043"]
[WhiteRD "65"]
[BlackElo "2156"]
[BlackRD "87"]
[GameID "372603"]

1. e4 c5 2. Nf3 Nc6 3. d4 cxd4 4. Nxd4 e6 5. Nb5 Nf6 6. N1c3 Bb4 7. a3 Bxc3+ 8. Nxc3 d5 9. exd5 exd5 10. Bd3 O-O
11. O-O Bg4 12. f3 Be6 13. Bg5 Re8 14. Qd2 h6 15. Bh4 Qb6+ 16. Bf2 d4 17. Na4 Qc7 18. Rfe1 b6 19. Rad1 Rad8 20. Bh4 Ne5
21. Bg3 Rd5 22. c4 dxc3 23. bxc3 Bf5 24. Rxe5 Rexe5 25. Bxe5 Qxe5 26. Nb2 Qe7 27. c4= Rd7 28. a4 Bxd3 29. Nxd3 Rd4 30. Qc2= Qe6
31. Nb2= Qe3+ 32. Kh1 Rxd1+ 33. Qxd1 Qf2 34. Qd8+ Kh7 35. Qd3+ g6 36. Qb1= Qd2 37. Nd3 Qc3 38. Nb2 Nd7 39. h4 Nf6 40. Kh2 Nh5
0-1

[Event "January 1800+ "]
[Site "SchemingMind.com"]
[Date "2015.01.07"]
[Round "-"]
[White "reptile"]
[Black "David Carter"]
[Result "1-0"]
[WhiteCountry "ISR"]
[BlackCountry "USA"]
[WhiteElo "2112"]
[WhiteRD "108"]
[BlackElo "2060"]
[BlackRD "62"]
[GameID "372604"]

1. d4 d5 2. c4 c6 3. Nc3 e6 4. e4 dxe4 5. Nxe4 Bb4+ 6. Nc3 Nf6 7. Nf3 c5 8. a3 Bxc3+ 9. bxc3 Nc6 10. Bg5 Qa5
11. Bd2 O-O 12. Bd3 h6 13. O-O Qc7 14. Re1 b6 15. Qc1 Rd8 16. Bxh6 cxd4 17. Bxg7
1-0

[Event "January 1800+ "]
[Site "SchemingMind.com"]
[Date "2015.01.07"]
[Round "-"]
[White "David Carter"]
[Black "reptile"]
[Result "0-1"]
[WhiteCountry "USA"]
[BlackCountry "ISR"]
[WhiteElo "2046"]
[WhiteRD "68"]
[BlackElo "2158"]
[BlackRD "99"]
[GameID "372605"]

1. d4 Nf6 2. c4 e6 3. Nc3 Bb4 4. f3 d5 5. a3 Be7 6. e4 O-O 7. e5 Ne8 8. f4 c5 9. Nf3 cxd4 10. Nxd4 Nc7
11. Ndb5 Nxb5 12. Nxb5 Bd7 13. Nc3 Bc6 14. cxd5 exd5 15. Bd3 Nd7 16. Nxd5 Qa5+ 17. Nc3 Nc5 18. Bc2 Bxg2 19. Rg1 Bh4+
0-1

[Event "January 1800+ "]
[Site "SchemingMind.com"]
[Date "2015.01.07"]
[Round "-"]
[White "reptile"]
[Black "Kent"]
[Result "1/2-1/2"]
[WhiteCountry "ISR"]
[BlackCountry "USA"]
[WhiteElo "2158"]
[WhiteRD "99"]
[BlackElo "2149"]
[BlackRD "67"]
[GameID "372606"]

1. d4 Nf6 2. c4 e6 3. Nc3 c5 4. d5 exd5 5. cxd5 d6 6. e4 g6 7. Nf3 Bg7 8. Bd3 O-O 9. O-O a6 10. a4 Bg4
11. h3 Bxf3 12. Qxf3 Nbd7 13. Bf4 Qc7 14. Be2 Rfe8 15. a5 Ne5 16. Qg3 Nfd7 17. Nb1 c4 18. Nd2 Nc5 19. Rfc1 Qd7 20. Bxc4 f5
21. exf5 Qxf5 22. Rd1 Rac8 23. Rac1 Ncd3 24. Bxd3 Nxd3 25. Rxc8 Rxc8 26. Bxd6 Nxb2 27. Re1 Qxd5 28. Ne4=
1/2-1/2

[Event "January 1800+ "]
[Site "SchemingMind.com"]
[Date "2015.01.07"]
[Round "-"]
[White "Kent"]
[Black "reptile"]
[Result "1-0"]
[WhiteCountry "USA"]
[BlackCountry "ISR"]
[WhiteElo "2174"]
[WhiteRD "61"]
[BlackElo "2156"]
[BlackRD "87"]
[GameID "372607"]

1. d4 Nf6 2. c4 e6 3. Nc3 Bb4 4. e3 O-O 5. Ne2 b6 6. a3 Be7 7. Ng3 Bb7 8. e4 Nc6 9. Be3 e5 10. d5 Nd4
11. f4 d6 12. Bxd4 exd4 13. Qxd4 Nd7 14. Be2 Bf6 15. Qe3 Re8 16. O-O g6 17. Rad1 Bg7 18. Bf3 a5 19. b3 Ba6 20. Qd3 Nc5
21. Qc2 Qh4= 22. Nge2 Kh8 23. g3 Qh6 24. e5 Bc8 25. Nb5 Bf5 26. Qa2 Bh3 27. Rf2 Re7 28. exd6 cxd6 29. Nxd6 Rd8 30. Nb5 Bd7
31. Ned4 Re3 32. b4 axb4 33. axb4 Ne4 34. Bxe4 Rxe4 35. Nd6 Re7 36. Nc6 Bxc6 37. dxc6 Rf8 38. Rd5
1-0

[Event "January 1800+ "]
[Site "SchemingMind.com"]
[Date "2015.01.07"]
[Round "-"]
[White "reptile"]
[Black "Stephen Woodhouse"]
[Result "1-0"]
[WhiteCountry "ISR"]
[BlackCountry "ENG"]
[WhiteElo "2158"]
[WhiteRD "99"]
[BlackElo "1883"]
[BlackRD "48"]
[GameID "372608"]

1. e4 e6 2. d4 d5 3. Nd2 c5 4. c3 cxd4 5. cxd4 dxe4 6. Nxe4 Bb4+ 7. Nc3 Nf6 8. Bd3 O-O 9. Nf3 b6 10. O-O Bb7
11. Re1 Nc6 12. a3 Be7 13. Bg5 h6 14. Bh4 Nd5 15. Bxe7 Ncxe7 16. Rc1 Rc8 17. Nxd5 Qxd5 18. Be4 Qd7 19. Ne5 Rxc1 20. Qxc1 Qc8
21. Qxc8 Bxc8 22. Rc1 f6 23. Rc7 fxe5 24. Rxe7 exd4 25. Rxa7 e5 26. Re7 Bf5 27. Rxe5 Bxe4 28. Rxe4 Rc8 29. g3 Rc2 30. Rxd4 Rxb2
31. Rb4 Ra2 32. a4 Kf7 33. Kg2 Ke7 34. h4 Kd7 35. Rxb6 Rxa4 36. Rb7+ Ke6 37. Rxg7 Kf6 38. Rb7 h5 39. Rb5 Kg6 40. Re5 Ra1
41. Kf3 Ra3+ 42. Kf4 Ra4+ 43. Re4 Ra5 44. Re6+ Kg7 45. Re5 Ra4+ 46. Kg5 Ra2 47. f4 Ra3 48. Kxh5 Rxg3 49. Rg5+
1-0

[Event "January 1800+ "]
[Site "SchemingMind.com"]
[Date "2015.01.07"]
[Round "-"]
[White "Stephen Woodhouse"]
[Black "reptile"]
[Result "0-1"]
[WhiteCountry "ENG"]
[BlackCountry "ISR"]
[WhiteElo "1883"]
[WhiteRD "48"]
[BlackElo "2158"]
[BlackRD "99"]
[GameID "372609"]

1. e4 e5 2. Nf3 Nc6 3. d4 exd4 4. Nxd4 Bc5 5. Be3 Bxd4 6. Bxd4 Nf6 7. Nc3 O-O 8. Bc4 d6 9. O-O Re8 10. Re1 Ng4
11. f4 Be6 12. Bxe6 Rxe6 13. Nd5 Nxd4 14. Qxd4 c6 15. Ne3 Qf6 16. Rad1 Qxf4 17. Nxg4 Qxg4 18. Rd3 Qh5 19. Rh3 Qa5 20. Ree3 Rae8
21. Kf2 Qxa2 22. Rhg3 g6 23. Rg5 Qb1 24. e5 dxe5 25. Rgxe5 Rxe5 26. Rxe5 Qxc2+ 27. Kg3 Rxe5 28. Qxe5 Qb3+ 29. Kf2 Qb6+ 30. Kf1 Qb5+
0-1